Welcome to CU Library Online Public Access Catalogue (OPAC)

MEDICAL MICROBIOLOGY; (Record no. 1404)

MARC details
000 -LEADER
fixed length control field 00498nam a22001577a 4500
005 - DATE AND TIME OF LATEST TRANSACTION
control field 20241121154202.0
008 - FIXED-LENGTH DATA ELEMENTS--GENERAL INFORMATION
fixed length control field 241121b |||||||| |||| 00| 0 eng d
020 ## - INTERNATIONAL STANDARD BOOK NUMBER
International Standard Book Number 9780443070785
050 ## - LIBRARY OF CONGRESS CALL NUMBER
Classification number QR46
Item number .G66 MED
245 ## - TITLE STATEMENT
Title MEDICAL MICROBIOLOGY;
Remainder of title A GUIDE TO MICROBIAL INFECTIONS;PATHOGENESIS, IMMUNITY, LABORATORY DIAGNOSIS AND CONTROL
250 ## - EDITION STATEMENT
Edition statement 16TH
260 ## - PUBLICATION, DISTRIBUTION, ETC.
Place of publication, distribution, etc. LONDON
Name of publisher, distributor, etc. CHURCHILL LIVINGSTONE
Date of publication, distribution, etc. c2002
300 ## - PHYSICAL DESCRIPTION
Extent xiv,709p
Other physical details ill.;
700 ## - ADDED ENTRY--PERSONAL NAME
Personal name DAVID GREENWOOD [ET..AL]
942 ## - ADDED ENTRY ELEMENTS (KOHA)
Source of classification or shelving scheme Library of Congress Classification
Koha item type Books
Suppress in OPAC No
999 ## -
-- 1404
-- 1404
Holdings
Withdrawn status Lost status Source of classification or shelving scheme Damaged status Not for loan Collection Home library Current library Shelving location Date acquired Total checkouts Full call number Barcode Date last seen Copy number Price effective from Koha item type
    Library of Congress Classification     Non-fiction Science Library (Miotso) Science Library (Miotso) General stacks 01/17/2025   QR46.G66 MED SLM00001911 01/17/2025 1 01/17/2025 Books
    Library of Congress Classification     Non-fiction Science Library (Miotso) Science Library (Miotso) General stacks 01/17/2025   QR46.G66 MED SLM00001912 01/17/2025 2 01/17/2025 Books
    Library of Congress Classification     Non-fiction Science Library (Miotso) Science Library (Miotso) General stacks 01/17/2025   QR46.G66 MED SLM00001913 01/17/2025 3 01/17/2025 Books
    Library of Congress Classification     Non-fiction Undergraduate Library (Christ Temple) Undergraduate Library (Christ Temple) General stacks 11/21/2024   QR46.G66 MED ulct00000352 11/21/2024 1 11/21/2024 Books
© 2023-2024 Copyright: Central University Libraries. All Rights Reserved | Created by: Mahone Tech Office